00437nam a2200169Ia 4500008004100000082001300041082001400054100002300068245002600091260003700117260000700154300000800161600002300169630002600192700002300218730002600241151121s9999||||xx |||||||||||||| ||und|| a823/ BAR bHNW-65020 aBaranskaya Natalya 2aA Week Like Any Other b"Virago Press Ltd।, London।" c-- a231 aBaranskaya Natalya aA Week Like Any Other aBaranskaya Natalya aA Week Like Any Other